Statistics for David Copperfield Character's

Click here to take the quiz!

General Stats

  • This quiz has been taken 14 times
  • The average score is 10 of 16

Answer Stats

HintAnswer% Correct
David's nanny and caretaker, remains faithful to him all throughout lifeClara Peggotty
91%
As a young man is extremely humble but as he grows older he believes the world owes him something for the humility he was put through.Uriah Heep
82%
Cruel step father of David, when his mother dies he sends him to a factory to workEdward Murdstone
73%
A charming friend of David from their time at Salem House, Nicknames David 'Daisy'James Steerforth
73%
Troubled by finances and has a tendency to say things in the most elaborate way possible, provides ward for David when working in the factoryWilkins Micawber
73%
Abandons David's mother because she doesn't give birth to a daughter, takes in David later and we find out they are actually very kind and caringBetsey Trotwood
64%
Wife of above (never will desert him)Emma Micawber
64%
The sailor who marry's the aboveHam
64%
The above's cruel sisterJane Murdstone
64%
David's true love and second wifeAgnes Wickfield
55%
The kind mother of David who is the ideal image of maternal loveClara Copperfield
55%
David's first wife, she is very young and giddyDora Spenlow
55%
Good friend of David at school, he eventually builds a career for himself and becomes a successful manTommy Traddles
55%
The wife of Dr Strong, the two portray the ideal marriage situationAnnie Strong
45%
Above's niece who disgraces herself by running away from family in seek of becoming a ladyLittle Em'ly
45%
Mrs Steerforth's ward, the orphaned cousin of her husband.Rosa Dartle
18%

Score Distribution

Percentile by Number Answered

Percent of People with Each Score

Your Score History

You have not taken this quiz